Průměrná mzda a další změny ve zdravotním pojištění od 1. ledna 2012

Zmeny v súvislosti s platením zdravotného poistenia v nadväznosti na výšku príjmu, ktorým sa účasť na tomto poistení zakladá. Dohody o pracovnej činnosti a dohody o vykonaní práce. Zmeny vo vymeriavacom základe. Priemerná a minimálna mzda v ČR.

Guardado en:
Detalles Bibliográficos
Autor principal: Daněk, Antonín
Formato: Capítulo de libro
Lenguaje:checo
Materias:
Etiquetas: Agregar Etiqueta
Sin Etiquetas, Sea el primero en etiquetar este registro!

MARC

LEADER 00000naa a2200000 4500
001 0147129
005 20230925094029.1
041 0 |a cze 
044 |a CZ 
245 1 0 |a Průměrná mzda a další změny ve zdravotním pojištění od 1. ledna 2012  |c Antonín Daněk 
520 |a Zmeny v súvislosti s platením zdravotného poistenia v nadväznosti na výšku príjmu, ktorým sa účasť na tomto poistení zakladá. Dohody o pracovnej činnosti a dohody o vykonaní práce. Zmeny vo vymeriavacom základe. Priemerná a minimálna mzda v ČR. 
610 2 0 |a Česko 
610 2 0 |a poistenie zdravotné 
610 2 0 |a poisťovne zdravotné 
610 2 0 |a zabezpečenie nemocenské 
610 2 0 |a základ vymeriavací 
610 2 0 |a mzdy 
610 2 0 |a odvody 
100 1 |a Daněk, Antonín